000 00392nam a2200145Ia 4500
008 100122s9999 xx 000 0 und d
082 _b64586
_a920.72
100 _aPEARL MARIANE
245 _aA MIGHTY HEART( DANIEL PEARL)
260 _bVIRAGO PRESS LIMITED
_c2003
300 _a272
630 _aA MIGHTY HEART( DANIEL PEARL)
730 _aA MIGHTY HEART( DANIEL PEARL)
942 _cBOOK
999 _c379601
_d379598